| 000 | 01023nam a2200337 c 4500 | ||
|---|---|---|---|
| 001 | 59126 | ||
| 003 | CO-BoRNBP | ||
| 005 | 20250910221807.0 | ||
| 007 | ta | ||
| 008 | 180109s2016 ck e 000 0 spa d | ||
| 020 | _a9584250930 | ||
| 020 | _a9789584250933 | ||
| 040 |
_aCO-BoRNBP _bspa _erda _cCO-BoRNBP |
||
| 041 | 0 | _aspa | |
| 082 | 0 | 4 |
_a465 _bB17h |
| 082 | 0 | 4 |
_a467 _bB17s _222 |
| 100 |
_aBarroso, Sandra Milena _d1983- _eaut _964842 |
||
| 245 | 1 | 0 |
_aSe habla español : _b¿Cuál? / _cSandra Milena Barroso. |
| 250 | _aPrimera edición | ||
| 264 | 1 |
_aBogotá, Colombia : _bEditorial Planeta Colombiana, _c2016 |
|
| 300 | _a208 páginas | ||
| 336 |
_atexto _btxt _2rdacontent |
||
| 337 |
_asin mediación _bn _2rdamedia |
||
| 338 |
_avolumen _bnc _2rdacarrier |
||
| 521 | _aRecomendado para un público adulto | ||
| 545 | _aIncluye datos biográficos de la autora | ||
| 650 | 0 | 7 |
_aAmericanismos _2lemb _964843 |
| 650 | 0 | 7 |
_aEspañol _2LEMB |
| 650 | 0 | 7 |
_aEspañol _vPalabras y frases _2LEMB _964844 |
| 942 |
_2ddc _cBK |
||
| 999 |
_c59126 _d59126 |
||